Normal view MARC view
  • GRAY.H.J,ISAACS ALAN

Entry Personal Name

Number of records used in: 1

001 - CONTROL NUMBER

  • control field: 78125

003 - CONTROL NUMBER IDENTIFIER

  • control field: NUST

005 - DATE AND TIME OF LATEST TRANSACTION

  • control field: 20210628210108.0

008 - FIXED-LENGTH DATA ELEMENTS

  • fixed length control field: 210628|| aca||aabn | a|a d

040 ## - CATALOGING SOURCE

  • Original cataloging agency: NUST
  • Transcribing agency: NUST

100 ## - HEADING--PERSONAL NAME

  • Personal name: GRAY.H.J,ISAACS ALAN

670 ## - SOURCE DATA FOUND

  • Source citation: Work cat.: (NUST): GRAY.H.J,ISAACS ALAN, A NEW DICTIONARY OF PHYSICS, 1975
© 2023 Central Library, National University of Sciences and Technology. All Rights Reserved.